[Event "Berlin-ch Seniors op 36th"]
[Site "Berlin"]
[Date "2020.02.01"]
[Round "5.56"]
[White "Huelle, Gunter"]
[Black "Klevenow, Ursula"]
[Result "1-0"]
[WhiteElo "1699"]
[BlackElo "1603"]
[PlyCount "49"]
[EventDate "2020.01.28"]
[EventType "swiss"]
[EventRounds "9"]
[EventCountry "GER"]
[SourceTitle "EXT 2024"]
[Source "ChessBase"]
[SourceDate "2023.10.10"]
[SourceVersion "1"]
[SourceVersionDate "2023.10.10"]
[SourceQuality "1"]

1. b4 d5 2. Bb2 Bf5 3. e3 e6 4. Nf3 Nf6 5. b5 Bd6 6. Be2 0-0 7. 0-0 Bg4 8. h3 Bxf3 9. Bxf3 e5 10. d4 e4 11. Be2 c6 12. a4 Qc7 13. Nd2 Nbd7 14. c4 dxc4 15. Nxc4 Rfe8 16. Qb3 cxb5 17. axb5 b6 18. Nxd6 Qxd6 19. Bc4 Rec8 20. Ba3 Qb8 21. Bxf7+ Kh8 22. Rfc1 Qb7 23. Be6 h6 24. Bd6 Ne8 25. Bd5 1-0

[Event "Erfurt op Seniors 29th"]
[Site "Erfurt"]
[Date "2019.12.28"]
[Round "3"]
[White "Bangert, Ruediger"]
[Black "Huelle, Gunter"]
[Result "0-1"]
[WhiteElo "1524"]
[BlackElo "1699"]
[PlyCount "116"]
[EventDate "2019.12.26"]
[EventType "swiss"]
[EventRounds "5"]
[EventCountry "GER"]
[SourceTitle "CBM 194 Extra"]
[Source "ChessBase"]
[SourceDate "2020.03.31"]
[SourceVersion "1"]
[SourceVersionDate "2020.03.31"]
[SourceQuality "1"]

1. e4 e6 2. d4 d5 3. Nc3 Nf6 4. Bg5 Be7 5. e5 Nfd7 6. Bxe7 Qxe7 7. Nf3 a6 8. Bd3 c5 9. dxc5 Nxc5 10. Be2 b5 11. 0-0 Nc6 12. Re1 0-0 13. a3 Qc7 14. Bd3 Nxd3 15. Qxd3 h6 16. Re2 Bb7 17. Rae1 Rac8 18. Nd4 Nxd4 19. Qxd4 Qc4 20. Qd2 Kh7 21. Nd1 d4 22. b3 Qc6 23. f3 Rfd8 24. Nf2 Qc3 25. Qf4 Rc7 26. Ne4 Bxe4 27. Qxe4+ Kg8 28. Qh4 Rd5 29. h3 Qc5 30. b4 Qc3 31. Rd1 Qxa3 32. Rd3 Qc1+ 33. Kh2 Rxc2 34. Re1 Qg5 35. Qxg5 hxg5 36. Re4 Rc4 37. Rg4 Rxb4 38. Rxg5 Kh7 39. Rh5+ Kg6 40. Rh4 f6 41. Rg4+ Kf7 42. Ra3 f5 43. Rh4 Ra4 44. Rd3 a5 45. Rh8 Rc4 46. Ra8 b4 47. f4 Rc3 48. Rd1 d3 49. Ra7+ Kf8 50. Ra8+ Ke7 51. Ra7+ Rd7 52. Rxa5 d2 53. Ra2 Rcd3 54. Rb2 b3 55. h4 R7d4 56. g3 Rc4 57. Kh3 Rc2 58. Rbb1 b2 0-1

[Event "Berlin-ch Seniors op 34th"]
[Site "Berlin"]
[Date "2018.02.08"]
[Round "9"]
[White "Oppermann, Peter"]
[Black "Huelle, Gunter"]
[Result "1-0"]
[WhiteElo "1865"]
[BlackElo "1806"]
[PlyCount "61"]
[EventDate "2018.01.30"]
[EventType "swiss"]
[EventRounds "9"]
[EventCountry "GER"]
[SourceTitle "EXT 2020"]
[Source "ChessBase"]
[SourceDate "2019.10.17"]
[SourceVersion "1"]
[SourceVersionDate "2019.10.17"]
[SourceQuality "1"]

1. d4 d5 2. Bf4 Nf6 3. e3 Bf5 4. Nd2 e6 5. Ngf3 h6 6. h3 Bd6 7. Ne5 Nbd7 8. Be2 0-0 9. 0-0 Ne8 10. Bg4 f6 11. Bxf5 exf5 12. Ng6 Rf7 13. c4 dxc4 14. Nxc4 Nf8 15. Nxd6 cxd6 16. Qh5 Qd7 17. Rac1 Rc8 18. Nxf8 Rxf8 19. Qg6 Rxc1 20. Rxc1 Kh8 21. b3 Nc7 22. e4 fxe4 23. Qxe4 Ne6 24. Bg3 Ng5 25. Qd5 Nf7 26. Re1 Rd8 27. Re6 Qc6 28. Qh5 Kg8 29. Re7 Nh8 30. Qg4 Qd5 31. Qxg7# 1-0

[Event "Erfurt ST op 27th"]
[Site "Erfurt"]
[Date "2017.12.26"]
[Round "1"]
[White "Huelle, Gunter"]
[Black "Bonacic, Nenad"]
[Result "0-1"]
[WhiteElo "1806"]
[BlackElo "2152"]
[PlyCount "66"]
[EventDate "2017.12.26"]
[EventType "swiss"]
[EventRounds "5"]
[EventCountry "GER"]
[SourceTitle "CBM 182 Extra"]
[Source "ChessBase"]
[SourceDate "2018.02.23"]
[SourceVersion "1"]
[SourceVersionDate "2018.02.23"]
[SourceQuality "1"]

1. b4 e5 2. Bb2 Bxb4 3. Bxe5 Nf6 4. a3 Ba5 5. c4 Nc6 6. Bb2 0-0 7. e3 Re8 8. Nf3 d5 9. cxd5 Nxd5 10. Qb3 Bb6 11. Bb5 Re6 12. Bxc6 bxc6 13. 0-0 Rg6 14. Ne5 Re6 15. f4 Qe8 16. Rf3 Bb7 17. d4 Rd8 18. f5 Rh6 19. Ng4 Rh4 20. Ne5 Rd6 21. Nd2 Rf6 22. g4 Rfh6 23. Nf1 f6 24. e4 fxe5 25. exd5 cxd5 26. f6 Rxg4+ 27. Kh1 Rxf6 28. Rxf6 gxf6 29. Qh3 Qg6 30. Ne3 Rg5 31. Rf1 Qe4+ 32. Qf3 Bxd4 33. Bxd4 exd4 0-1

[Event "Schleswig Holstein-ch Seniors op 11th"]
[Site "Buesum"]
[Date "2017.09.09"]
[Round "2"]
[White "Huelle, Gunter"]
[Black "Mikolajewski, Armin"]
[Result "1/2-1/2"]
[WhiteElo "1794"]
[BlackElo "2047"]
[PlyCount "27"]
[EventDate "2017.09.08"]
[EventType "swiss"]
[EventRounds "9"]
[EventCountry "GER"]
[SourceTitle "EXT 2019"]
[Source "ChessBase"]
[SourceDate "2018.10.10"]
[SourceVersion "1"]
[SourceVersionDate "2018.10.10"]
[SourceQuality "1"]

1. b4 e5 2. Bb2 Bxb4 3. Bxe5 Nf6 4. a3 Be7 5. c4 0-0 6. Nf3 Nc6 7. Bb2 d6 8. e3 h6 9. Be2 Bf5 10. 0-0 Re8 11. d4 Bf8 12. Bd3 Bxd3 13. Qxd3 Ne4 14. Nbd2 1/2-1/2

[Event "Berlin-ch Seniors op 33rd"]
[Site "Berlin"]
[Date "2017.02.08"]
[Round "8"]
[White "Huelle, Gunter"]
[Black "Koerlin, Hans Juergen"]
[Result "1/2-1/2"]
[WhiteElo "1757"]
[BlackElo "1855"]
[PlyCount "24"]
[EventDate "2017.01.31"]
[EventType "swiss"]
[EventRounds "9"]
[EventCountry "GER"]
[SourceTitle "EXT 2019"]
[Source "ChessBase"]
[SourceDate "2018.10.10"]
[SourceVersion "1"]
[SourceVersionDate "2018.10.10"]
[SourceQuality "1"]

1. b4 d5 2. Bb2 a5 3. b5 c5 4. e3 Nf6 5. c4 d4 6. exd4 cxd4 7. Nf3 Bg4 8. Qb3 a4 9. Qd3 Bxf3 10. Qxf3 Qd7 11. Qf4 Qe6+ 12. Kd1 Qe4 1/2-1/2

[Event "Berlin-ch Seniors op 33rd"]
[Site "Berlin"]
[Date "2017.02.03"]
[Round "4"]
[White "Huelle, Gunter"]
[Black "Kothe, Manfred"]
[Result "1/2-1/2"]
[WhiteElo "1757"]
[BlackElo "1913"]
[PlyCount "33"]
[EventDate "2017.01.31"]
[EventType "swiss"]
[EventRounds "9"]
[EventCountry "GER"]
[SourceTitle "EXT 2019"]
[Source "ChessBase"]
[SourceDate "2018.10.10"]
[SourceVersion "1"]
[SourceVersionDate "2018.10.10"]
[SourceQuality "1"]

1. b4 Nf6 2. Bb2 e6 3. b5 b6 4. Nf3 Bb7 5. e3 c5 6. c4 d5 7. d4 Bd6 8. Nbd2 Nbd7 9. Be2 0-0 10. 0-0 Qc7 11. g3 h6 12. a4 Rad8 13. a5 Ne4 14. cxd5 exd5 15. Nxe4 dxe4 16. Nd2 Rfe8 17. Nc4 1/2-1/2

[Event "Berlin-ch Seniors op 33rd"]
[Site "Berlin"]
[Date "2017.01.31"]
[Round "1"]
[White "Andersen, Knut"]
[Black "Huelle, Gunter"]
[Result "1-0"]
[WhiteElo "2063"]
[BlackElo "1757"]
[PlyCount "57"]
[EventDate "2017.01.31"]
[EventType "swiss"]
[EventRounds "9"]
[EventCountry "GER"]
[SourceTitle "EXT 2019"]
[Source "ChessBase"]
[SourceDate "2018.10.10"]
[SourceVersion "1"]
[SourceVersionDate "2018.10.10"]
[SourceQuality "1"]

1. d4 Nf6 2. Nf3 d5 3. c4 b6 4. cxd5 Bb7 5. g3 Nxd5 6. Bg2 Nf6 7. 0-0 e6 8. Nc3 Be7 9. Bf4 Nd5 10. Nxd5 exd5 11. Ne5 f6 12. Qa4+ c6 13. Nd3 a5 14. a3 g5 15. Bd2 Kf7 16. Rac1 Na6 17. Rfd1 Nc7 18. Qb3 Ne6 19. Bc3 b5 20. e4 b4 21. axb4 axb4 22. Nxb4 Bxb4 23. Bxb4 Qb6 24. Qc3 Ra4 25. Bc5 Nxc5 26. dxc5 Qa7 27. exd5 cxd5 28. c6 Rc4 29. Bxd5+ 1-0

[Event "Sachsen-ch Seniors op"]
[Site "Dresden"]
[Date "2016.11.07"]
[Round "8"]
[White "Huelle, Gunter"]
[Black "Keusch, Horst"]
[Result "1-0"]
[WhiteElo "1742"]
[BlackElo "1953"]
[PlyCount "85"]
[EventDate "2016.10.31"]
[EventType "swiss"]
[EventRounds "9"]
[EventCountry "GER"]
[SourceTitle "EXT 2019"]
[Source "ChessBase"]
[SourceDate "2018.10.10"]
[SourceVersion "1"]
[SourceVersionDate "2018.10.10"]
[SourceQuality "1"]

1. b4 d5 2. Bb2 Nf6 3. e3 Bf5 4. Nf3 e6 5. b5 c5 6. c4 Nbd7 7. a4 Bd6 8. Be2 Rc8 9. 0-0 Bb8 10. Nh4 Bg6 11. f4 Ne4 12. g3 f6 13. cxd5 exd5 14. Bh5 Kf7 15. f5 Bxh5 16. Qxh5+ Kg8 17. d3 Ng5 18. Ng2 Be5 19. d4 cxd4 20. exd4 Bd6 21. Nc3 Nb6 22. Qe2 Kf7 23. Nf4 Re8 24. Qh5+ Kg8 25. Rae1 Rxe1 26. Rxe1 Bxf4 27. gxf4 Nf7 28. Qe2 h6 29. Qe6 Qc7 30. a5 Qxf4 31. Rf1 Qxd4+ 32. Kg2 Rxc3 33. Bxc3 Qxc3 34. axb6 Qd2+ 35. Rf2 Qg5+ 36. Kf1 Kf8 37. bxa7 Qc1+ 38. Qe1 Qa3 39. b6 Ne5 40. Qe2 Kf7 41. Kg2 Qa4 42. h3 d4 43. Qa2+ 1-0

[Event "Sachsen-ch Seniors op"]
[Site "Dresden"]
[Date "2016.11.04"]
[Round "5"]
[White "Reimann, Guenther"]
[Black "Huelle, Gunter"]
[Result "1/2-1/2"]
[WhiteElo "1890"]
[BlackElo "1742"]
[PlyCount "54"]
[EventDate "2016.10.31"]
[EventType "swiss"]
[EventRounds "9"]
[EventCountry "GER"]
[SourceTitle "EXT 2019"]
[Source "ChessBase"]
[SourceDate "2018.10.10"]
[SourceVersion "1"]
[SourceVersionDate "2018.10.10"]
[SourceQuality "1"]

1. c4 Nf6 2. Nf3 g6 3. g3 Bg7 4. Bg2 0-0 5. 0-0 c5 6. Nc3 Nc6 7. a3 a6 8. Rb1 Rb8 9. d3 b5 10. Be3 d6 11. Nd2 Nd4 12. Bxd4 cxd4 13. Na2 bxc4 14. Nxc4 d5 15. Nd2 Qb6 16. Nb4 Bb7 17. Nf3 Nd7 18. Nc2 e5 19. Qd2 Nc5 20. b4 Na4 21. Rbc1 Rbc8 22. e3 dxe3 23. Nxe3 e4 24. dxe4 dxe4 25. Nc4 Qa7 26. Ng5 Rfd8 27. Qe2 Nc3 1/2-1/2

[Event "Sachsen-ch Seniors op"]
[Site "Dresden"]
[Date "2016.10.31"]
[Round "1"]
[White "Appelt, Gerd"]
[Black "Huelle, Gunter"]
[Result "1-0"]
[WhiteElo "2003"]
[BlackElo "1742"]
[PlyCount "72"]
[EventDate "2016.10.31"]
[EventType "swiss"]
[EventRounds "9"]
[EventCountry "GER"]
[SourceTitle "EXT 2019"]
[Source "ChessBase"]
[SourceDate "2018.10.10"]
[SourceVersion "1"]
[SourceVersionDate "2018.10.10"]
[SourceQuality "1"]

1. e4 e6 2. d4 d5 3. e5 c5 4. c3 c4 5. Nf3 Be7 6. g3 Nc6 7. Bh3 Bd7 8. 0-0 h6 9. Nfd2 b5 10. f4 g6 11. Rf2 a5 12. Nf1 h5 13. Ne3 Nh6 14. Nd2 b4 15. Ndf1 a4 16. a3 bxc3 17. bxc3 Na5 18. Rb1 Nb3 19. Bb2 Ra6 20. Nc2 Rb6 21. Nfe3 Qb8 22. Nb4 Bxb4 23. cxb4 Rc6 24. Bc3 Rb6 25. Rbb2 Qd8 26. Bg2 Nf5 27. Nxf5 gxf5 28. Bf3 h4 29. g4 fxg4 30. Bxg4 Rg8 31. h3 f5 32. exf6 Qxf6 33. Kh1 Kd8 34. Rbe2 Kc7 35. Re5 Rf8 36. Qe1 Rf7 1-0

[Event "Schleswig Holstein-ch Seniors op 10th"]
[Site "Buesum"]
[Date "2016.10.03"]
[Round "8"]
[White "Kluever, Horst"]
[Black "Huelle, Gunter"]
[Result "1/2-1/2"]
[WhiteElo "1856"]
[BlackElo "1742"]
[PlyCount "66"]
[EventDate "2016.09.26"]
[EventType "swiss"]
[EventRounds "9"]
[EventCountry "GER"]
[SourceTitle "EXT 2019"]
[Source "ChessBase"]
[SourceDate "2018.10.10"]
[SourceVersion "1"]
[SourceVersionDate "2018.10.10"]
[SourceQuality "1"]

1. e4 e6 2. d4 d5 3. e5 c5 4. c3 Qb6 5. Nf3 Nc6 6. a3 c4 7. Nbd2 Bd7 8. b4 cxb3 9. Qxb3 Qc7 10. Bd3 Na5 11. Qc2 Rc8 12. Bb2 b5 13. 0-0 h6 14. Rfc1 Ne7 15. h3 Nc4 16. Nb3 Nc6 17. Nfd2 Be7 18. Nb1 0-0 19. Re1 a5 20. Bc1 a4 21. N3d2 N4a5 22. Bxb5 Nxd4 23. Qxa4 Nxb5 24. Qg4 Kh8 25. Nf3 Qc4 26. Qh5 Kh7 27. Be3 Qd3 28. a4 Nxc3 29. Nxc3 Rxc3 30. Bd2 Nb3 31. Re3 Qg6 32. Qxg6+ Kxg6 33. Bxc3 Nxa1 1/2-1/2

[Event "Schleswig Holstein-ch Seniors op 10th"]
[Site "Buesum"]
[Date "2016.10.01"]
[Round "6"]
[White "Huelle, Gunter"]
[Black "Nowack, Achim"]
[Result "1-0"]
[WhiteElo "1742"]
[BlackElo "1836"]
[PlyCount "93"]
[EventDate "2016.09.26"]
[EventType "swiss"]
[EventRounds "9"]
[EventCountry "GER"]
[SourceTitle "EXT 2019"]
[Source "ChessBase"]
[SourceDate "2018.10.10"]
[SourceVersion "1"]
[SourceVersionDate "2018.10.10"]
[SourceQuality "1"]

1. b4 e5 2. Bb2 Bxb4 3. Bxe5 Nf6 4. a3 Ba5 5. c4 Nc6 6. Bb2 0-0 7. Nf3 d6 8. e3 Ng4 9. Be2 Nge5 10. Nxe5 Nxe5 11. 0-0 c6 12. d4 Ng6 13. Qc2 Bc7 14. d5 Qg5 15. f4 Qe7 16. e4 cxd5 17. f5 Ne5 18. cxd5 Bb6+ 19. Kh1 f6 20. Nd2 Bd7 21. Qb3 Rab8 22. Rac1 Bc5 23. a4 a6 24. a5 b5 25. axb6 Rxb6 26. Qc2 Rfb8 27. Bxe5 fxe5 28. Nc4 Rb4 29. Rb1 Ba4 30. Qa2 Bb3 31. Qxa6 Bxc4 32. Rxb4 Rxb4 33. Bxc4 Qc7 34. Bd3 Qb8 35. f6 gxf6 36. Rxf6 Rb6 37. Qa4 Qd8 38. Rf5 h6 39. Qd1 Rb7 40. Qh5 Be3 41. Qg6+ Kh8 42. g3 Bg5 43. h4 Be3 44. Rf3 Rg7 45. Qf5 Qxh4+ 46. gxh4 Rg1+ 47. Kh2 1-0

[Event "GER-chA Seniors 28th"]
[Site "Niederhausen"]
[Date "2016.08.21"]
[Round "9"]
[White "Schulz, Gerhard1111"]
[Black "Huelle, Gunter"]
[Result "1/2-1/2"]
[WhiteElo "1853"]
[BlackElo "1735"]
[PlyCount "80"]
[EventDate "2016.08.13"]
[EventType "swiss"]
[EventRounds "9"]
[EventCountry "GER"]
[SourceTitle "EXT 2019"]
[Source "ChessBase"]
[SourceDate "2018.10.10"]
[SourceVersion "1"]
[SourceVersionDate "2018.10.10"]
[SourceQuality "1"]

1. d4 Nf6 2. Nf3 g6 3. Nc3 Bg7 4. e4 d6 5. Be3 0-0 6. Qd2 e5 7. 0-0-0 Qe7 8. Be2 exd4 9. Nxd4 Nxe4 10. Nxe4 Qxe4 11. Bf3 Qe7 12. h4 h5 13. Kb1 c6 14. Bg5 f6 15. Rhe1 Qf7 16. Bf4 d5 17. Qe2 Bd7 18. Qd2 Na6 19. Be2 Nc5 20. f3 Rfe8 21. Bh6 Kh7 22. Bxg7 Kxg7 23. g4 hxg4 24. fxg4 Ne4 25. Qf4 Qe7 26. h5 Qe5 27. Qf3 Qg3 28. hxg6 Qxf3 29. Bxf3 Nf2 30. Rc1 Nxg4 31. Rh1 Kxg6 32. Rcg1 f5 33. Ne2 Kg5 34. Rh7 Rad8 35. Rgh1 Kf6 36. Bxg4 fxg4 37. R7h6+ Kg7 38. Rh7+ Kf6 39. R7h6+ Ke7 40. Nd4 Kf7 1/2-1/2

[Event "GER-chA Seniors 28th"]
[Site "Niederhausen"]
[Date "2016.08.19"]
[Round "7"]
[White "Hansch, Klaus Michael"]
[Black "Huelle, Gunter"]
[Result "1-0"]
[WhiteElo "1877"]
[BlackElo "1735"]
[PlyCount "123"]
[EventDate "2016.08.13"]
[EventType "swiss"]
[EventRounds "9"]
[EventCountry "GER"]
[SourceTitle "EXT 2019"]
[Source "ChessBase"]
[SourceDate "2018.10.10"]
[SourceVersion "1"]
[SourceVersionDate "2018.10.10"]
[SourceQuality "1"]

1. d4 Nf6 2. Nc3 g6 3. Bg5 Bg7 4. e4 d6 5. e5 dxe5 6. dxe5 Ng4 7. Qxd8+ Kxd8 8. Rd1+ Bd7 9. e6 fxe6 10. Bc4 Ke8 11. Nf3 Nc6 12. 0-0 Na5 13. Be2 Ne5 14. Nd4 a6 15. Rfe1 c5 16. Nf3 Nec4 17. Bc1 h6 18. Nh4 g5 19. Bh5+ Kd8 20. Nf3 Nd6 21. Bg6 Nc6 22. Na4 c4 23. Nb6 Rb8 24. c3 Kc7 25. Nxd7 Kxd7 26. Bf7 Nd8 27. Bg6 Kc7 28. Be3 e5 29. Bc2 Nc6 30. Nd2 Rhf8 31. Bc5 b6 32. Bxd6+ exd6 33. Nxc4 Rbd8 34. Ne3 Ne7 35. Bb3 Kc6 36. Bd5+ Nxd5 37. Rxd5 b5 38. Red1 Rf4 39. R5d2 Bf8 40. Nd5 Rd7 41. Nxf4 gxf4 42. f3 d5 43. Kf1 Bc5 44. Re2 Be3 45. g4 d4 46. cxd4 exd4 47. Rd3 Rd5 48. Rc2+ Kd7 49. h4 b4 50. b3 Ra5 51. Kg2 Rd5 52. Kf1 a5 53. Kg2 a4 54. bxa4 Ra5 55. Kh3 Rxa4 56. h5 Ra3 57. Rxa3 bxa3 58. Rh2 d3 59. Rh1 d2 60. Rd1 Ke6 61. Kg2 Kf6 62. Kf1 1-0

[Event "GER-chA Seniors 28th"]
[Site "Niederhausen"]
[Date "2016.08.16"]
[Round "4"]
[White "Huelle, Gunter"]
[Black "Schwis, Joachim"]
[Result "0-1"]
[WhiteElo "1735"]
[BlackElo "1975"]
[PlyCount "40"]
[EventDate "2016.08.13"]
[EventType "swiss"]
[EventRounds "9"]
[EventCountry "GER"]
[SourceTitle "EXT 2019"]
[Source "ChessBase"]
[SourceDate "2018.10.10"]
[SourceVersion "1"]
[SourceVersionDate "2018.10.10"]
[SourceQuality "1"]

1. b4 e5 2. Bb2 f6 3. e4 Bxb4 4. Bc4 Ne7 5. Qh5+ Ng6 6. Nf3 Nc6 7. Nh4 Nce7 8. g3 b5 9. Bb3 Bb7 10. f3 d5 11. c3 Bd6 12. exd5 0-0 13. Bc2 Bxd5 14. Rf1 Re8 15. Nxg6 Nxg6 16. Bxg6 hxg6 17. Qxg6 e4 18. f4 Bc4 19. Rh1 Qd7 20. h4 Bf7 0-1

[Event "Sachsen-Anhalt-ch Seniors 24th"]
[Site "Halberstadt"]
[Date "2016.06.01"]
[Round "4"]
[White "Riechert, Manfred"]
[Black "Huelle, Gunter"]
[Result "1/2-1/2"]
[WhiteElo "1513"]
[BlackElo "1720"]
[PlyCount "36"]
[EventDate "2016.05.29"]
[EventType "swiss"]
[EventRounds "7"]
[EventCountry "GER"]
[SourceTitle "EXT 2019"]
[Source "ChessBase"]
[SourceDate "2018.10.10"]
[SourceVersion "1"]
[SourceVersionDate "2018.10.10"]
[SourceQuality "1"]

1. e4 e6 2. d4 d5 3. Nc3 Nf6 4. exd5 exd5 5. Bd3 Bd6 6. h3 h6 7. Be3 Be6 8. Nf3 c6 9. Ne2 Qc7 10. Qd2 Ne4 11. Qc1 f5 12. Bf4 Nd7 13. Bxd6 Qxd6 14. c3 g5 15. Nd2 0-0-0 16. Nxe4 dxe4 17. Bc2 Bd5 18. Bb3 f4 1/2-1/2

[Event "Leipzig VfB op 23rd"]
[Site "Leipzig"]
[Date "2016.03.19"]
[Round "7"]
[White "Huelle, Gunter"]
[Black "Friedel, Roland"]
[Result "1/2-1/2"]
[WhiteElo "1742"]
[BlackElo "1612"]
[PlyCount "51"]
[EventDate "2016.03.15"]
[EventType "swiss"]
[EventRounds "9"]
[EventCountry "GER"]
[SourceTitle "EXT 2017"]
[Source "ChessBase"]
[SourceDate "2016.10.25"]
[SourceVersion "1"]
[SourceVersionDate "2016.10.25"]
[SourceQuality "1"]

1. b4 d5 2. Bb2 Nf6 3. b5 Bg4 4. h3 Bh5 5. d4 e6 6. Nd2 Bd6 7. Ngf3 Nbd7 8. e3 0-0 9. Be2 c5 10. c4 b6 11. 0-0 cxd4 12. Nxd4 Bxe2 13. Qxe2 Rc8 14. Nc6 Qc7 15. cxd5 Nxd5 16. Nc4 Bc5 17. e4 Ne7 18. Qg4 g6 19. N4e5 Nxc6 20. Nxc6 Nb8 21. Be5 Bd6 22. Bxd6 Qxd6 23. Rfd1 Qc7 24. Rac1 Qb7 25. Ne5 Rxc1 26. Rxc1 1/2-1/2

[Event "Leipzig VfB op 23rd"]
[Site "Leipzig"]
[Date "2016.03.19"]
[Round "8"]
[White "Spreer, Lutz"]
[Black "Huelle, Gunter"]
[Result "1-0"]
[WhiteElo "1628"]
[BlackElo "1742"]
[PlyCount "51"]
[EventDate "2016.03.15"]
[EventType "swiss"]
[EventRounds "9"]
[EventCountry "GER"]
[SourceTitle "EXT 2017"]
[Source "ChessBase"]
[SourceDate "2016.10.25"]
[SourceVersion "1"]
[SourceVersionDate "2016.10.25"]
[SourceQuality "1"]

1. e4 e6 2. d4 d5 3. Nc3 Nf6 4. Bg5 Be7 5. e5 Nfd7 6. Bxe7 Qxe7 7. f4 0-0 8. Nf3 a6 9. Bd3 c5 10. Bxh7+ Kh8 11. Ng5 g6 12. Qg4 f5 13. Qh4 Kg7 14. Qg3 Rh8 15. Bxg6 Kxg6 16. Nxe6+ Kh7 17. Ng5+ Kg8 18. Nxd5 Qg7 19. e6 Nf6 20. Nb6 Bxe6 21. Nxa8 cxd4 22. 0-0-0 Bxa2 23. Rxd4 Nc6 24. Ra4 Bf7 25. Rd1 Nd5 26. Nxf7 1-0

[Event "Leipzig VfB op 23rd"]
[Site "Leipzig"]
[Date "2016.03.16"]
[Round "3"]
[White "Huelle, Gunter"]
[Black "Wolter, Uwe"]
[Result "1-0"]
[WhiteElo "1742"]
[BlackElo "1554"]
[PlyCount "94"]
[EventDate "2016.03.15"]
[EventType "swiss"]
[EventRounds "9"]
[EventCountry "GER"]
[SourceTitle "EXT 2017"]
[Source "ChessBase"]
[SourceDate "2016.10.25"]
[SourceVersion "1"]
[SourceVersionDate "2016.10.25"]
[SourceQuality "1"]

1. b4 Nf6 2. Bb2 e6 3. b5 b6 4. e3 Bb7 5. Nf3 d5 6. c4 Nbd7 7. cxd5 Bxd5 8. Nc3 Bb7 9. d4 Bd6 10. Be2 0-0 11. 0-0 Re8 12. Nd2 e5 13. Nc4 Nf8 14. dxe5 Bxe5 15. Nxe5 Qxd1 16. Rfxd1 Rxe5 17. Rac1 Re7 18. a4 Rd7 19. Rxd7 N8xd7 20. f3 Nc5 21. e4 Rd8 22. Rd1 Rxd1+ 23. Bxd1 Nfd7 24. Ne2 Nd3 25. Ba3 N7c5 26. Nd4 g6 27. g3 Kf8 28. Kf1 Ke8 29. Ke2 f5 30. exf5 gxf5 31. Nxf5 Ne5 32. Nd4 Bd5 33. f4 Nc4 34. Bxc5 bxc5 35. Nb3 Nb2 36. Nxc5 Nxd1 37. Kxd1 Ke7 38. Kd2 Kd6 39. Nd3 Bb3 40. Nb2 Kc5 41. Kc3 Be6 42. Nd3+ Kd6 43. Ne5 Bd5 44. Kb4 Bb7 45. g4 Bd5 46. Nc4+ Ke7 47. Kc5 Bf7 1-0

[Event "Berlin-ch Seniors op 32nd"]
[Site "Berlin"]
[Date "2016.01.30"]
[Round "5"]
[White "Huelle, Gunter"]
[Black "Fey, Jens"]
[Result "1-0"]
[WhiteElo "1706"]
[BlackElo "1568"]
[PlyCount "91"]
[EventDate "2016.01.26"]
[EventType "swiss"]
[EventRounds "9"]
[EventCountry "GER"]
[SourceTitle "EXT 2019"]
[Source "ChessBase"]
[SourceDate "2018.10.10"]
[SourceVersion "1"]
[SourceVersionDate "2018.10.10"]
[SourceQuality "1"]

1. b4 e5 2. Bb2 d6 3. e3 Nf6 4. c4 Be7 5. Nf3 0-0 6. b5 b6 7. Be2 Bb7 8. 0-0 a6 9. a4 a5 10. d4 exd4 11. Nxd4 Nbd7 12. Bf3 Bxf3 13. Nxf3 Nc5 14. Nd4 Ne6 15. Nc6 Qd7 16. Nc3 Nd8 17. Nxe7+ Qxe7 18. Nd5 Nxd5 19. cxd5 Qe4 20. Qb3 f6 21. Rac1 Rc8 22. f3 Qe7 23. Bd4 Nb7 24. Rc6 Nd8 25. Rc4 Nb7 26. Rfc1 Qf7 27. Bxb6 Qxd5 28. Qc3 Rfe8 29. e4 Qe6 30. Bxa5 Nc5 31. Qa3 Qd7 32. Bb4 Ne6 33. Qc3 Ra8 34. Qb3 Kh8 35. Ba3 Red8 36. Rd1 Qe8 37. Rc6 Rd7 38. g3 Rb8 39. Qc4 Rb6 40. Rxb6 cxb6 41. Qc6 Qd8 42. Kf2 Nc5 43. Bxc5 bxc5 44. b6 Qe7 45. a5 Rd8 46. a6 1-0

[Event "Berlin-ch Seniors op 32nd"]
[Site "Berlin"]
[Date "2016.01.29"]
[Round "4"]
[White "Gmerek, Henning"]
[Black "Huelle, Gunter"]
[Result "0-1"]
[WhiteElo "1584"]
[BlackElo "1706"]
[PlyCount "98"]
[EventDate "2016.01.26"]
[EventType "swiss"]
[EventRounds "9"]
[EventCountry "GER"]
[SourceTitle "EXT 2019"]
[Source "ChessBase"]
[SourceDate "2018.10.10"]
[SourceVersion "1"]
[SourceVersionDate "2018.10.10"]
[SourceQuality "1"]

1. d4 Nf6 2. c4 g6 3. Nf3 Bg7 4. e3 0-0 5. Nc3 d5 6. Be2 e6 7. 0-0 b6 8. Ne5 Bb7 9. b3 Nbd7 10. Nxd7 Nxd7 11. cxd5 exd5 12. Bf3 Nf6 13. Ba3 Re8 14. Rc1 Ne4 15. Nxe4 dxe4 16. Be2 Bf8 17. Bb2 c5 18. dxc5 Bxc5 19. Qc2 Bd6 20. Rfd1 Qc7 21. Qd2 Be5 22. Bxe5 Qxe5 23. Qd7 Re7 24. Qg4 f5 25. Qh4 Kg7 26. Rd4 a6 27. Rcd1 b5 28. Rd7 Rae8 29. Qf4 Qxf4 30. exf4 Kf7 31. R1d6 Bc8 32. Rxe7+ Kxe7 33. Rd4 Be6 34. Rd2 Rc8 35. g3 Rc1+ 36. Kg2 Bd7 37. h3 Bc6 38. Kh2 e3 39. Rd1 Rc2 40. Bd3 Rxf2+ 41. Kg1 e2 42. Bxe2 Rxe2 43. Kf1 Rxa2 44. Re1+ Be4 45. h4 Ra3 46. g4 Rxb3 47. gxf5 gxf5 48. Ra1 b4 49. h5 Rb1+ 0-1